Detalles MARC
| 000 -CABECERA |
| campo de control de longitud fija |
01160nam a2200289 u 4500 |
| 001 - NÚMERO DE CONTROL |
| campo de control |
000001951 |
| 003 - IDENTIFICADOR DEL NÚMERO DE CONTROL |
| campo de control |
DO-SdBNP |
| 005 - FECHA Y HORA DE LA ÚLTIMA TRANSACCIÓN |
| campo de control |
20211116114358.0 |
| 008 - DATOS DE LONGITUD FIJA--INFORMACIÓN GENERAL |
| campo de control de longitud fija |
090630s1998 dr 001 0 spa d |
| 040 ## - FUENTE DE LA CATALOGACIÓN |
| Centro catalogador/agencia de origen |
DO-SdBNP |
| Lengua de catalogación |
spa |
| Centro/agencia transcriptor |
BPHU |
| 082 #4 - NÚMERO DE LA CLASIFICACIÓN DECIMAL DEWEY |
| Número de clasificación |
R 307.76097293 |
| Número de documento/Ítem |
O12d |
| Número de edición |
22 |
| 100 1# - ENTRADA PRINCIPAL--NOMBRE DE PERSONA |
| Nombre de persona |
Objío G, César |
| 9 (RLIN) |
6336 |
| 245 10 - MENCIÓN DE TÍTULO |
| Título |
Diccionario biográfico-histórico de los nombres de las calles de Baní / |
| Mención de responsabilidad, etc. |
César Objío G. |
| 246 01 - FORMA VARIANTE DE TÍTULO |
| Título propio/Titulo breve |
Los nombres de las calles de Baní |
| 260 ## - PUBLICACIÓN, DISTRIBUCIÓN, ETC. |
| Lugar de publicación, distribución, etc. |
República Dominicana : |
| Nombre del editor, distribuidor, etc. |
Del Valle, |
| Fecha de publicación, distribución, etc. |
1998. |
| 300 ## - DESCRIPCIÓN FÍSICA |
| Extensión |
192 p. ; |
| Dimensiones |
21 cm. |
| 500 ## - NOTA GENERAL |
| Nota general |
Incluye índice. |
| 500 ## - NOTA GENERAL |
| Nota general |
Incluye anexo sobre nombres de personajes que merecen figurar en nuestras calles. |
| 504 ## - NOTA DE BIBLIOGRAFÍA, ETC. |
| Nota de bibliografía, etc. |
Incluye referencias bibliográficas. |
| 590 ## - NOTA LOCAL (RLIN) |
| Nota local |
Inventariado, 2021 /DG |
| 650 #4 - PUNTO DE ACCESO ADICIONAL DE MATERIA--TÉRMINO DE MATERIA |
| Término de materia o nombre geográfico como elemento de entrada |
Nombres de calles |
| Subdivisión geográfica |
Baní (República Dominicana) |
| Subdivisión general |
Historia |
| Subdivisión de forma |
Diccionarios |
| 9 (RLIN) |
6337 |
| 650 #4 - PUNTO DE ACCESO ADICIONAL DE MATERIA--TÉRMINO DE MATERIA |
| Término de materia o nombre geográfico como elemento de entrada |
Ciudades y pueblos |
| Subdivisión geográfica |
República Dominicana |
| Subdivisión general |
Historia |
| Subdivisión de forma |
Diccionarios |
| 9 (RLIN) |
6338 |
| 651 #4 - PUNTO DE ACCESO ADICIONAL DE MATERIA--NOMBRE GEOGRÁFICO |
| Nombre geográfico |
Baní (República Dominicana) |
| Subdivisión general |
Historia local |
| 9 (RLIN) |
6339 |
| 651 #0 - PUNTO DE ACCESO ADICIONAL DE MATERIA--NOMBRE GEOGRÁFICO |
| Nombre geográfico |
Bani (República Dominicana) |
| Subdivisión de forma |
Biografías |
| 9 (RLIN) |
6340 |
| 910 ## - DATOS DE OPCIÓN DEL USUARIO (OCLC) |
| Datos de opción del usuario |
Validado. Control de calidad MFF |
| 942 ## - ELEMENTOS DE PUNTO DE ACCESO ADICIONAL (KOHA) |
| Fuente del sistema de clasificación o colocación |
Dewey Decimal Classification |
| Tipo de ítem Koha |
Libro |